000 00804nam a22001937a 4500
999 _c16477
_d16477
003 AR-CdUCM
008 190225b ||||| |||| 00| 0 spa d
040 _aMUNICIPALIDAD PROVINCIAL DEL CUSCO
_cBIBLIOTECA MUNICIPAL DEL CUSCO
082 _a631.4 /
_bC23
100 _aCalzada Benza, José.
_935945
245 _aExperimentación agrícola con aplicación a la ganadería /
260 _bAgro ganaderas, S.A.,
_c1953.
_aLima :
300 _a360 paginas ;
_c24 cm.
505 _aContenido :Principios generales -- Orientación de la experimentación y planeamiento de los experimentos -- Conducción de los experimentos -- Medidas de la variabilidad -- Experimentos factoriales ...
650 _aFactoriales.
_935946
650 _aRegresión.
_935947
942 _2ddc
_cLIBROS
945 _arum
_d2019-05-03